000 00573nam a2200145Ia 4500
008 181022s9999 xx 000 0 und d
020 _a9789719810711
100 _aMacayan, Jonathan V.
245 _cJonathan V. Macayan, Jasmine Nadja Junghan-Pinugu, John Christopher Dimasaka Castillo.--
_aUnderstanding the self :
_boutcome-based module /
260 _aQuezon City :
_bC & E publishing, Inc.
_c2018
300 _avii, 285 pages :
_billustrations ;
_c22 cm.
500 _aIncludes bibliographical references and index.
650 _aHuman behavior.
650 _aPsychology.
999 _c359263
_d359263